000 00589nam a2200193 a 4500
001 2432
003 CO-ViMGA
008 141112s2004 ck r 000 u spa d
020 _a9580506566
040 _aCO-ViMGA
_bspa
_cCO-ViMGA
082 _a342.8601 M34j
100 1 _aMejía Arcila, María Cristina
_96197
245 1 0 _aJuventud, constitución y democracia /
_cMejía Arcila María Cristina , Manrique Boeppler Ramón
260 _aSantafé de Bogotá :
_bEducar,
_c1994
300 _a132 p : il
650 1 4 _aCONSTITUCION COLOMBIANA
_96198
650 1 4 _aDEMOCRACIA
942 _2ddc
_cBK
999 _c11322
_d11322